Testovanie Likertovej škály pri skúmaní hodnôt

Testovanie dvoch škál z hľadiska ich spoľahlivosti a dosiahnutých výsledkov.

Na minha lista:
Detalhes bibliográficos
Autor principal: Vokounová, Dana, 1962-
Formato: Capítulo de Livro
Idioma:eslovaco
Assuntos:
Tags: Adicionar Tag
Sem tags, seja o primeiro a adicionar uma tag!

MARC

LEADER 00000naa a2200000 4500
001 0192178
005 20240502073226.5
041 0 |a slo 
044 |a SK 
245 1 0 |a Testovanie Likertovej škály pri skúmaní hodnôt  |c Dana Vokounová 
520 |a Testovanie dvoch škál z hľadiska ich spoľahlivosti a dosiahnutých výsledkov. 
610 2 0 |a marketing 
610 2 0 |a správanie spotrebiteľa 
610 2 0 |a testy 
610 2 0 |a testovanie hypotéz 
100 1 |a Vokounová, Dana, 1962-